000 00882cam a2200217 4500
001 ABS60726
008 000000n1999 000 0 eng u
035 _a(Sirsi) u101214
100 _aPeace, S.
245 _aBreaking down the barriers.
260 _c1999
490 _aASI Journal
_v11(2), 34-35(2)
520 _aFollowing the Disability Discrimination Act, building owners and developers will be required to produce a plan to ensure the safe evacuation of disabled people from their buildings. This article covers issues such as escape options and types of evacuation, and the use of Personal Emergency Evacuation Plans (PEEPs).
650 _aDISABLED PEOPLE
650 _aFIRE EVACUATION
650 _aFIRE ENGINEERING
650 _aDISABILITY DISCRIMINATION ACT 1995
650 _aPUBLIC BUILDINGS
690 _aBUILT ENVIRONMENT-BUILDING STANDARDS
942 _n0
999 _c60375
_d60375